000
00323nam a22001457a 4500
008
221005b ||||| |||| 00| 0 eng d
020
_a
9781111951320
041
_a
eng
080
_a
61
082
_a
61 HOP
100
_a
4
101
_a
MJEK
245
_a
INTRODUCTION TO HEALTH CAREERS
_c
HOPPER .C.H
942
_2
udc
_c
BK
999
_c
58360
_d
58360